Mã hóa thông tin với java Tập 2 : Mã hóa - Mật mã

Trình bày những kỹ thuật cơ bản của java để bạn đọc có thể nắm bắt phần cốt lõi của ngôn ngữ và vận dụng nó trong việc cài đặt các hệ thống mã hóa thông tin.

保存先:
書誌詳細
第一著者: Nguyễn Đình Thúc
その他の著者: Bùi Doãn Khanh
フォーマット: 図書
言語:Vietnamese
出版事項: Tp. Hồ Chí Minh Lao động xã hội 2006
主題:
タグ: タグ追加
タグなし, このレコードへの初めてのタグを付けませんか!
Thư viện lưu trữ: Thư viện Trường Đại học Nam Cần Thơ
LEADER 02340nam a22003017a 4500
001 NCT_46898
008 171113b xxu||||| |||| 00| 0 vie d
999 |c 2245  |d 2245 
020 |c 22000 
082 0 4 |2 22nd ed.  |a 005.133  |b Th552 
100 1 |a  Nguyễn Đình Thúc 
245 1 0 |a Mã hóa thông tin với java  |n Tập 2 :  |p Mã hóa - Mật mã  |c  Nguyễn Đình Thúc, Bùi Doãn Khanh 
260 |a Tp. Hồ Chí Minh  |b Lao động xã hội  |c 2006 
300 |a 156 tr  |c 24 cm 
520 3 |a Trình bày những kỹ thuật cơ bản của java để bạn đọc có thể nắm bắt phần cốt lõi của ngôn ngữ và vận dụng nó trong việc cài đặt các hệ thống mã hóa thông tin. 
653 |a Công nghệ thông tin 
700 1 |a Bùi Doãn Khanh 
942 |2 ddc  |c BK 
952 |0 0  |1 0  |2 ddc  |4 0  |6 005_133000000000000_TH552  |7 0  |9 12803  |a 000001  |b 000001  |d 2018-07-13  |o 005.133 Th552  |p MD.02270  |r 2018-07-13  |v 22000.00  |w 2018-07-13  |y BK 
952 |0 0  |1 0  |2 ddc  |4 0  |6 005_133000000000000_TH552  |7 0  |9 12804  |a 000001  |b 000001  |d 2018-07-13  |o 005.133 Th552  |p MD.02271  |r 2018-07-13  |v 22000.00  |w 2018-07-13  |y BK 
952 |0 0  |1 0  |2 ddc  |4 0  |6 005_133000000000000_TH552  |7 0  |9 12805  |a 000001  |b 000001  |d 2018-07-13  |o 005.133 Th552  |p MD.02272  |r 2018-07-13  |v 22000.00  |w 2018-07-13  |y BK 
952 |0 0  |1 0  |2 ddc  |4 0  |6 005_133000000000000_TH552  |7 0  |9 12806  |a 000001  |b 000001  |d 2018-07-13  |o 005.133 Th552  |p MD.02273  |r 2018-07-13  |v 22000.00  |w 2018-07-13  |y BK 
952 |0 0  |1 0  |2 ddc  |4 0  |6 005_133000000000000_TH552  |7 0  |9 12807  |a 000001  |b 000001  |d 2018-07-13  |o 005.133 Th552  |p MD.02274  |r 2018-07-13  |v 22000.00  |w 2018-07-13  |y BK 
952 |0 0  |1 0  |2 ddc  |4 0  |6 005_133000000000000_TH552  |7 0  |9 12808  |a 000001  |b 000001  |d 2018-07-13  |o 005.133 Th552  |p MD.02275  |r 2018-07-13  |v 22000.00  |w 2018-07-13  |y BK 
952 |0 0  |1 0  |2 ddc  |4 0  |6 005_133000000000000_TH552  |7 0  |9 12809  |a 000001  |b 000001  |d 2018-07-13  |o 005.133 Th552  |p MD.02276  |r 2018-07-13  |v 22000.00  |w 2018-07-13  |y BK 
952 |0 0  |1 0  |2 ddc  |4 0  |6 005_133000000000000_TH552  |7 0  |9 12824  |a 000001  |b 000001  |d 2018-07-13  |o 005.133 Th552  |p MD.02269  |r 2018-07-13  |v 22000.00  |w 2018-07-13  |y BK 
952 |0 0  |1 0  |2 ddc  |4 0  |6 005_133000000000000_TH552  |7 0  |9 12825  |a 000001  |b 000001  |d 2018-07-13  |o 005.133 Th552  |p MD.02268  |r 2018-07-13  |v 22000.00  |w 2018-07-13  |y BK 
980 |a Thư viện Trường Đại học Nam Cần Thơ